Catálogo

Principios y fundamentos de desarrollo económico : (Registro nro. 41425)

Detalles MARC
000 -LEADER
fixed length control field 01196cam a2200325 i 4500
001 - CONTROL NUMBER
control field 41425
003 - CONTROL NUMBER IDENTIFIER
control field Mx-PuUPA
005 - DATE AND TIME OF LATEST TRANSACTION
control field 20250630142426.0
008 - FIXED-LENGTH DATA ELEMENTS--GENERAL INFORMATION
fixed length control field 140415s2005 mx d gr 000 0 spa d
020 ## - INTERNATIONAL STANDARD BOOK NUMBER
International Standard Book Number 9685674086
040 ## - CATALOGING SOURCE
Original cataloging agency Mx-PuUPA
Language of cataloging spa
Transcribing agency Mx-PuUPA
Modifying agency Mx-PuUPA
Description conventions rda
041 0# - LANGUAGE CODE
Language code of text/sound track or separate title spa
043 ## - GEOGRAPHIC AREA CODE
Geographic area code cl-----
100 1# - MAIN ENTRY--PERSONAL NAME
Personal name Meneses Ruiz, José Mario Tomás,
Dates associated with a name 1945-
9 (RLIN) 17043
Relator term autor
245 10 - TITLE STATEMENT
Title Principios y fundamentos de desarrollo económico :
Remainder of title y planeación para los países en vías de desarrollo /
Statement of responsibility, etc. José Mario Tomás Meneses Ruiz
250 ## - EDITION STATEMENT
Edition statement 1a edición
264 #1 - PRODUCTION, PUBLICATION, DISTRIBUTION, MANUFACTURE, AND COPYRIGHT NOTICE
Place of production, publication, distribution, manufacture México, D. F. :
Name of producer, publisher, distributor, manufacturer Ediciones El Caballito,
Date of production, publication, distribution, manufacture, or copyright notice 2005
300 ## - PHYSICAL DESCRIPTION
Extent 254 páginas :
Other physical details gráficas ;
Dimensions 21 cm
336 ## - CONTENT TYPE
Fuente rdacontent
Content type term texto
Content type code txt
337 ## - MEDIA TYPE
Source rdamedia
Media type term sin medio
Media type code n
338 ## - CARRIER TYPE
Source rdacarrier
Carrier type term volumen
Carrier type code nc
650 #7 - SUBJECT ADDED ENTRY--TOPICAL TERM
Source of heading or term armarc
Topical term or geographic name entry element Planificación económica
General subdivision Países en desarrollo
651 #4 - SUBJECT ADDED ENTRY--GEOGRAPHIC NAME
Geographic name América latina
General subdivision Desarrollo económico
651 #4 - SUBJECT ADDED ENTRY--GEOGRAPHIC NAME
Geographic name América latina
General subdivision Política económica
942 ## - ADDED ENTRY ELEMENTS (KOHA)
Source of classification or shelving scheme Dewey Decimal Classification
Koha item type Libro
Classification part 338.98
Item part M53
Existencias
Withdrawn status Lost status Source of classification or shelving scheme Damaged status Not for loan Collection code Home library Current library Shelving location Date acquired Source of acquisition Total Checkouts Full call number Barcode Date last seen Price effective from Koha item type
    Dewey Decimal Classification     General Biblioteca Karol Wojtyla Biblioteca Karol Wojtyla Sala general 03/12/2013 Donación   338.98 M53 2005 62502 05/01/2026 03/12/2013 Libro